000 00544nam a22001937a 4500
003 NUST - PNEC
005 20170116180748.0
008 150227b xxu||||| |||| 00| 0 eng d
020 _a0195773500
040 _cLIBRARY
082 _a305.80095 AHM
100 _91549
_aAhmed Akbar S.
245 _aPakistan Society : Islam, Ethnicity & Leadership In South Asia
_cAkbar S. Ahmed
250 _a-
260 _aNew York
_bOxford University Press
_cc.1986
300 _a264 p. :
650 _91550
_aSocial Sciences
_xGeneral
942 _2ddc
_cBK
999 _c62458
_d62458